Tough Times Never Last But Tough People Do (Record no. 90912)

MARC details
000 -LEADER
fixed length control field 00520nam a2200193Ia 4500
005 - DATE AND TIME OF LATEST TRANSACTION
control field 20251120132045.0
008 - FIXED-LENGTH DATA ELEMENTS--GENERAL INFORMATION
fixed length control field 230125s9999 xx 000 0 und d
020 ## - INTERNATIONAL STANDARD BOOK NUMBER
International Standard Book Number 0-553-27332-9
041 ## - LANGUAGE CODE
Language code of text/sound track or separate title eng
082 ## - DEWEY DECIMAL CLASSIFICATION NUMBER
Classification number 158.1
Item number STE
100 ## - MAIN ENTRY--PERSONAL NAME
Author Schuller R H
245 ## - TITLE STATEMENT
Title Tough Times Never Last But Tough People Do
260 ## - PUBLICATION, DISTRIBUTION, ETC.
Date of publication, distribution, etc. 1984
Name of publisher, distributor, etc. Bantam books
Place of publication, distribution, etc. New York
300 ## - PHYSICAL DESCRIPTION
Extent 237p
500 ## - GENERAL NOTE
Keywords Personality Development
650 ## - SUBJECT ADDED ENTRY--TOPICAL TERM
Topical term or geographic name entry element Personality Development
700 ## - ADDED ENTRY--PERSONAL NAME
Personal name Schuller R H
942 ## - ADDED ENTRY ELEMENTS (KOHA)
Koha item type Books
Holdings
Withdrawn status Lost status Damaged status Not for loan Home library Current library Date acquired Vendor Net Price Total Checkouts Full call number Barcode Date last seen Actual Price Bill Date Koha item type Original Barcode Bill number
        Smt. Hiraben Nanavati Institute of Management & Research for Women Smt. Hiraben Nanavati Institute of Management & Research for Women 23/03/2002 Crossword 260.00   158.1 STE B03007 HIMR-BK-3007 25/01/2023 260.00 23/03/2002 Books B03007  
        Smt. Hiraben Nanavati Institute of Management & Research for Women Smt. Hiraben Nanavati Institute of Management & Research for Women 31/03/2008 Crossword 95.00   158.1 STE B06270 HIMR-BK-6270 25/01/2023 86.00 24/03/2008 Books B06270 C063